Sayings of Muhammad (P.B.U.H) (Record no. 332007)
[ view plain ]
| 000 -LEADER | |
|---|---|
| fixed length control field | 00540 a2200145 4500 |
| 003 - CONTROL NUMBER IDENTIFIER | |
| control field | NUST |
| 005 - DATE AND TIME OF LATEST TRANSACTION | |
| control field | 20171107105326.0 |
| 008 - FIXED-LENGTH DATA ELEMENTS--GENERAL INFORMATION | |
| fixed length control field | 171107b xxu||||| |||| 00| 0 eng d |
| 040 ## - CATALOGING SOURCE | |
| Transcribing agency | NUST |
| 082 ## - DEWEY DECIMAL CLASSIFICATION NUMBER | |
| Classification number | 297.1224 |
| Author Mark | ABU |
| 100 ## - MAIN ENTRY--PERSONAL NAME | |
| Personal name | Abul-Fadl, Mirza |
| 9 (RLIN) | 6068 |
| 245 ## - TITLE STATEMENT | |
| Title | Sayings of Muhammad (P.B.U.H) |
| Statement of responsibility, etc. | Abul-Fadl, Mirza |
| 260 ## - PUBLICATION, DISTRIBUTION, ETC. | |
| Place of publication, distribution, etc. | Islamabad: |
| Name of publisher, distributor, etc. | Dawah Academy, |
| Date of publication, distribution, etc. | 1992. |
| 300 ## - PHYSICAL DESCRIPTION | |
| Extent | xxvi, 247 p. ; |
| Dimensions | 24 cm |
| 650 ## - SUBJECT ADDED ENTRY--TOPICAL TERM | |
| Topical term or geographic name entry element | Hadith--Texts |
| 9 (RLIN) | 6069 |
| 942 ## - ADDED ENTRY ELEMENTS (KOHA) | |
| Koha item type | Book |
| Source of classification or shelving scheme | |
| Withdrawn status | Lost status | Source of classification or shelving scheme | Damaged status | Not for loan | Permanent Location | Current Location | Shelving location | Date acquired | Total Checkouts | Full call number | Barcode | Date last seen | Date last checked out | Copy number | Price effective from | Koha item type |
|---|---|---|---|---|---|---|---|---|---|---|---|---|---|---|---|---|
| NUST Law School (NLS) | NUST Law School (NLS) | First Floor - Islam | 11/07/2017 | 1 | 297.1224 ABU | CL2203 | 11/15/2024 | 06/08/2022 | 2 | 11/07/2017 | Book |
